| 000 | 00373nam a2200145Ia 4500 | ||
|---|---|---|---|
| 005 | 20240821151445.0 | ||
| 008 | 240821s9999||||xx |||||||||||||| ||und|| | ||
| 082 | _a030 GOL (R-E) | ||
| 100 | _aParker, Bertha Morris | ||
| 245 | 0 | _aGolden book encyclopedia | |
| 260 |
_aNew York _bSimon and Schuster _c1959 |
||
| 300 | _a195-288p. | ||
| 650 | _aEncyclopaedias | ||
| 942 | _cBK | ||
| 999 |
_c25217 _d25217 |
||